[Event "World Youth & Cadets Blitz Championships"]
[Site "Rhodes, Greece"]
[Date "2022.05.03"]
[Round "8.23"]
[White "Jalving, August"]
[Black "Filindash, Nikita"]
[Result "1-0"]
[TimeControl "5'/game & 2\"/move"]
[WhiteElo "1908"]
[BlackElo "1279"]

1. e4 {[%clk 00:05:02]} {[%emt 00:00:01]} c5 {[%clk 00:05:00]} {[%emt
00:00:05]} 2. Nf3 {[%clk 00:05:03]} d6 {[%clk 00:05:01]} 3. d4 {[%clk
00:05:04]} cxd4 {[%clk 00:05:01]} 4. Nxd4 {[%clk 00:05:05]} {[%emt 00:00:02]}
Nf6 {[%clk 00:05:02]} 5. Nc3 {[%clk 00:05:06]} {[%emt 00:00:02]} a6 {[%clk
00:05:02]} 6. Be3 {[%clk 00:05:07]} {[%emt 00:00:03]} e5 {[%clk 00:05:01]} 7.
Nb3 {[%clk 00:05:08]} {[%emt 00:00:04]} Be6 {[%clk 00:05:02]} 8. Nd5 {[%clk
00:05:10]} {[%emt 00:00:02]} Nbd7 {[%clk 00:04:42]} 9. f3 {[%clk 00:05:08]}
{[%emt 00:00:25]} a5 {[%clk 00:04:34]} 10. a4 {[%clk 00:05:04]} {[%emt
00:00:16]} Rc8 {[%clk 00:04:26]} 11. c4 {[%clk 00:05:02]} {[%emt 00:00:14]}
Bxd5 {[%clk 00:04:14]} 12. cxd5 {[%clk 00:05:01]} {[%emt 00:00:17]} Be7 {[%clk
00:04:02]} 13. Qd2 {[%clk 00:05:01]} {[%emt 00:00:16]} b6 {[%clk 00:03:59]} 14.
Bb5 {[%clk 00:05:01]} {[%emt 00:00:06]} O-O {[%clk 00:03:59]} 15. O-O {[%clk
00:04:50]} {[%emt 00:00:16]} Nc5 {[%clk 00:04:00]} 16. Nxc5 {[%clk 00:04:41]}
{[%emt 00:00:12]} bxc5 {[%clk 00:04:01]} 17. Kh1 {[%clk 00:04:28]} {[%emt
00:00:16]} Nd7 18. Bxd7 {[%clk 00:04:17]} Qxd7 {[%clk 00:03:43]} {[%emt
00:00:05]} 19. Qxa5 {[%clk 00:04:18]} Rb8 {[%clk 00:03:42]} {[%emt 00:00:02]}
20. Qd2 {[%clk 00:04:10]} {[%emt 00:00:10]} Rb4 {[%clk 00:03:42]} {[%emt
00:00:03]} 21. a5 {[%clk 00:04:01]} {[%emt 00:00:10]} Qb5 {[%clk 00:03:40]}
{[%emt 00:00:05]} 22. Rfb1 {[%clk 00:03:57]} {[%emt 00:00:06]} Ra8 {[%clk
00:03:36]} {[%emt 00:00:05]} 23. Qc2 {[%clk 00:03:38]} {[%emt 00:00:21]} Rb3
{[%clk 00:01:58]} {[%emt 00:01:41]} 24. Bd2 {[%clk 00:03:39]} Qb8 {[%clk
00:01:46]} {[%emt 00:00:13]} 25. Ra3 {[%clk 00:03:09]} {[%emt 00:00:33]} Rb5
{[%clk 00:01:39]} {[%emt 00:00:09]} 26. Ra4 {[%clk 00:02:38]} {[%emt 00:00:33]}
Bd8 {[%clk 00:01:33]} {[%emt 00:00:08]} 27. b4 {[%clk 00:02:39]} Bxa5 {[%clk
00:01:28]} {[%emt 00:00:07]} 28. Rba1 {[%clk 00:00:49]} {[%emt 00:01:53]} cxb4
{[%clk 00:01:15]} {[%emt 00:00:14]} 29. Qb3 {[%clk 00:00:45]} {[%emt 00:00:06]}
Ra7 {[%clk 00:00:52]} {[%emt 00:00:24]} 30. h3 {[%clk 00:00:41]} {[%emt
00:00:05]} Bb6 {[%clk 00:00:47]} {[%emt 00:00:08]} 31. Bxb4 {[%clk 00:00:30]}
{[%emt 00:00:13]} Rxa4 {[%clk 00:00:29]} {[%emt 00:00:20]} 32. Qxa4 {[%clk
00:00:31]} {[%emt 00:00:02]} Bd8 {[%clk 00:00:18]} {[%emt 00:00:13]} 33. Bxd6
{[%clk 00:00:25]} {[%emt 00:00:08]} Rb1+ {[%clk 00:00:17]} {[%emt 00:00:02]} 34.
Kh2 {[%emt 00:00:03]} Qb5 {[%clk 00:00:09]} {[%emt 00:00:08]} 35. Qxb5 {[%clk
00:00:20]} {[%emt 00:00:08]} Rxb5 {[%clk 00:00:09]} {[%emt 00:00:01]} 36. Ra8
{[%clk 00:00:21]} {[%emt 00:00:02]} 1-0

[Event "World Youth & Cadets Blitz Championships"]
[Site "Rhodes, Greece"]
[Date "2022.05.03"]
[Round "8.24"]
[White "Mansurov, Yusuf"]
[Black "Verbytski, Oleg"]
[Result "0-1"]
[TimeControl "5'/game & 2\"/move"]
[WhiteElo "1848"]
[BlackElo "1756"]

1. e4 {[%clk 00:05:03]} c5 {[%clk 00:05:03]} 2. c3 {[%clk 00:05:04]} {[%emt
00:00:01]} Nf6 {[%clk 00:05:04]} 3. e5 {[%clk 00:05:05]} {[%emt 00:00:01]} Nd5
{[%clk 00:05:05]} {[%emt 00:00:01]} 4. d4 {[%clk 00:05:06]} cxd4 {[%clk
00:05:06]} {[%emt 00:00:02]} 5. cxd4 {[%clk 00:05:07]} Nc6 {[%clk 00:05:07]} 6.
Nf3 {[%clk 00:05:07]} {[%emt 00:00:01]} d6 {[%clk 00:05:08]} {[%emt 00:00:01]}
7. Bc4 {[%clk 00:05:06]} {[%emt 00:00:03]} Nb6 {[%clk 00:05:09]} 8. Bb5 {[%clk
00:05:06]} {[%emt 00:00:01]} e6 {[%clk 00:05:06]} {[%emt 00:00:05]} 9. Nc3
{[%clk 00:05:02]} {[%emt 00:00:06]} Bd7 {[%clk 00:05:02]} {[%emt 00:00:07]} 10.
O-O {[%clk 00:04:56]} {[%emt 00:00:07]} a6 {[%clk 00:05:02]} {[%emt 00:00:03]}
11. Bd3 {[%clk 00:04:51]} {[%emt 00:00:06]} Be7 {[%clk 00:04:58]} {[%emt
00:00:06]} 12. a3 {[%clk 00:04:44]} {[%emt 00:00:09]} Rc8 {[%clk 00:04:58]}
{[%emt 00:00:02]} 13. Qe2 {[%clk 00:04:36]} {[%emt 00:00:10]} d5 {[%clk
00:04:57]} {[%emt 00:00:04]} 14. Rd1 {[%clk 00:03:48]} {[%emt 00:00:49]} Na5
{[%clk 00:04:55]} {[%emt 00:00:04]} 15. Be3 {[%clk 00:03:22]} {[%emt 00:00:28]}
Nac4 {[%clk 00:04:53]} {[%emt 00:00:05]} 16. Rab1 {[%clk 00:03:15]} {[%emt
00:00:08]} Nxa3 {[%clk 00:04:50]} {[%emt 00:00:05]} 17. bxa3 {[%clk 00:03:15]}
{[%emt 00:00:02]} Rxc3 {[%clk 00:04:50]} {[%emt 00:00:02]} 18. Qb2 {[%clk
00:02:17]} {[%emt 00:01:00]} Na4 {[%clk 00:04:51]} {[%emt 00:00:02]} 19. Qxb7
{[%clk 00:01:59]} {[%emt 00:00:19]} Rxa3 {[%clk 00:04:48]} {[%emt 00:00:05]} 20.
Rbc1 {[%clk 00:01:46]} {[%emt 00:00:15]} O-O {[%clk 00:04:17]} {[%emt
00:00:33]} 21. Bxa6 {[%clk 00:01:04]} {[%emt 00:00:44]} Qb6 {[%clk 00:04:09]}
{[%emt 00:00:10]} 22. Qxd7 {[%clk 00:00:51]} {[%emt 00:00:15]} Qxa6 {[%clk
00:04:08]} {[%emt 00:00:03]} 23. Qxe7 {[%clk 00:00:51]} {[%emt 00:00:02]} Nb2
{[%clk 00:04:06]} {[%emt 00:00:04]} 24. Rd2 {[%clk 00:00:47]} {[%emt 00:00:06]}
Nc4 {[%clk 00:04:07]} {[%emt 00:00:01]} 25. Rdc2 {[%clk 00:00:42]} {[%emt
00:00:08]} Qa4 {[%clk 00:03:52]} {[%emt 00:00:17]} 26. Ng5 {[%clk 00:00:30]}
{[%emt 00:00:13]} h6 {[%clk 00:03:50]} {[%emt 00:00:04]} 27. Nxe6 {[%clk
00:00:22]} {[%emt 00:00:10]} fxe6 {[%clk 00:03:49]} {[%emt 00:00:03]} 28. Qxe6+
{[%clk 00:00:22]} {[%emt 00:00:02]} Kh8 {[%clk 00:03:46]} {[%emt 00:00:05]} 29.
Qxd5 {[%clk 00:00:18]} {[%emt 00:00:06]} Nxe3 {[%clk 00:03:43]} {[%emt
00:00:05]} 30. fxe3 {[%clk 00:00:20]} Qxc2 {[%clk 00:03:34]} {[%emt 00:00:11]}
31. Qc5 {[%emt 00:00:17]} Qf2+ {[%clk 00:03:32]} {[%emt 00:00:03]} 32. Kh1
{[%clk 00:00:06]} Qf1+ {[%clk 00:03:33]} 0-1

[Event "World Youth & Cadets Blitz Championships"]
[Site "Rhodes, Greece"]
[Date "2022.05.03"]
[Round "8.25"]
[White "Gibala, Adam"]
[Black "Shilon Rahav, Eliran"]
[Result "0-1"]
[TimeControl "5'/game & 2\"/move"]
[WhiteElo "1501"]
[BlackElo "1338"]

1. d4 {[%clk 00:05:04]} d5 {[%clk 00:05:03]} {[%emt 00:00:01]} 2. c4 {[%clk
00:05:05]} e6 {[%clk 00:05:04]} 3. Nf3 {[%clk 00:05:06]} c6 {[%clk 00:05:06]} 4.
g3 {[%clk 00:05:07]} f5 {[%clk 00:05:05]} {[%emt 00:00:03]} 5. Bg2 {[%clk
00:05:07]} {[%emt 00:00:02]} Nf6 {[%clk 00:05:04]} {[%emt 00:00:02]} 6. b3
{[%clk 00:05:08]} {[%emt 00:00:02]} Bd6 {[%clk 00:05:04]} {[%emt 00:00:02]} 7.
Ba3 {[%clk 00:05:09]} {[%emt 00:00:01]} Bxa3 {[%clk 00:05:02]} {[%emt
00:00:04]} 8. Nxa3 {[%clk 00:05:10]} Qa5+ {[%clk 00:05:03]} 9. Qd2 {[%clk
00:05:10]} {[%emt 00:00:02]} Qxa3 {[%clk 00:05:03]} {[%emt 00:00:02]} 10. O-O
{[%clk 00:05:10]} {[%emt 00:00:01]} Qe7 {[%clk 00:05:00]} {[%emt 00:00:06]} 11.
Ne5 {[%clk 00:05:11]} O-O {[%clk 00:04:59]} {[%emt 00:00:03]} 12. f4 {[%clk
00:05:11]} {[%emt 00:00:02]} Nbd7 {[%clk 00:04:59]} 13. c5 {[%clk 00:05:12]}
{[%emt 00:00:04]} Nxe5 14. fxe5 {[%clk 00:05:13]} Ne4 {[%clk 00:04:58]} {[%emt
00:00:01]} 15. Bxe4 {[%clk 00:05:13]} {[%emt 00:00:02]} dxe4 {[%clk 00:04:57]}
{[%emt 00:00:03]} 16. b4 {[%clk 00:05:14]} {[%emt 00:00:02]} b6 {[%clk
00:04:54]} {[%emt 00:00:04]} 17. e3 {[%clk 00:05:15]} {[%emt 00:00:01]} Ba6
{[%clk 00:04:53]} {[%emt 00:00:04]} 18. Rfe1 {[%clk 00:05:14]} {[%emt
00:00:02]} Rfd8 {[%clk 00:04:50]} {[%emt 00:00:05]} 19. Qc3 {[%clk 00:05:15]}
{[%emt 00:00:02]} bxc5 {[%clk 00:04:46]} {[%emt 00:00:05]} 20. bxc5 {[%clk
00:05:16]} {[%emt 00:00:01]} Rab8 {[%clk 00:04:42]} {[%emt 00:00:06]} 21. Qa5
{[%clk 00:05:15]} {[%emt 00:00:03]} Bd3 {[%clk 00:04:36]} {[%emt 00:00:09]} 22.
a4 {[%clk 00:05:14]} {[%emt 00:00:03]} Qb7 {[%clk 00:04:31]} {[%emt 00:00:07]}
23. Kg2 {[%clk 00:05:05]} {[%emt 00:00:11]} Rd7 {[%clk 00:04:31]} {[%emt
00:00:02]} 24. h4 {[%clk 00:04:56]} {[%emt 00:00:11]} Qb4 {[%clk 00:04:27]}
{[%emt 00:00:06]} 25. Qxb4 {[%clk 00:04:56]} {[%emt 00:00:02]} Rxb4 {[%clk
00:04:28]} {[%emt 00:00:01]} 26. Kh3 {[%clk 00:04:43]} {[%emt 00:00:15]} a5
{[%clk 00:04:29]} {[%emt 00:00:02]} 27. Rec1 {[%clk 00:04:41]} {[%emt
00:00:03]} Rdb7 {[%clk 00:04:28]} {[%emt 00:00:03]} 28. g4 {[%clk 00:04:42]}
fxg4+ {[%clk 00:04:26]} {[%emt 00:00:04]} 29. Kxg4 {[%clk 00:04:43]} {[%emt
00:00:01]} Rc4 {[%clk 00:04:26]} {[%emt 00:00:02]} 30. Re1 {[%clk 00:04:37]}
{[%emt 00:00:08]} Rbb4 {[%clk 00:04:26]} {[%emt 00:00:02]} 31. Ra2 {[%clk
00:04:38]} Rxa4 {[%clk 00:04:20]} {[%emt 00:00:09]} 32. Rg2 {[%clk 00:04:38]}
Rc2 {[%clk 00:04:18]} {[%emt 00:00:03]} 33. Rg3 {[%clk 00:04:38]} {[%emt
00:00:02]} Raa2 {[%clk 00:04:16]} {[%emt 00:00:05]} 34. Reg1 {[%clk 00:04:39]}
a4 {[%clk 00:04:08]} {[%emt 00:00:11]} 35. Kh5 {[%clk 00:04:39]} {[%emt
00:00:02]} Be2+ {[%emt 00:00:04]} 36. Kg5 {[%clk 00:04:38]} a3 {[%clk
00:04:05]} {[%emt 00:00:06]} 37. h5 {[%clk 00:04:39]} Rab2 {[%clk 00:03:46]}
{[%emt 00:00:22]} 38. Kh4 {[%clk 00:04:38]} {[%emt 00:00:03]} Rb7 {[%clk
00:03:44]} {[%emt 00:00:04]} 39. h6 {[%clk 00:04:37]} {[%emt 00:00:02]} g6
{[%clk 00:03:42]} {[%emt 00:00:05]} 40. Kg5 {[%clk 00:04:29]} {[%emt 00:00:10]}
a2 {[%clk 00:03:42]} {[%emt 00:00:02]} 41. Kf6 {[%clk 00:04:29]} Rb1 {[%clk
00:03:35]} {[%emt 00:00:09]} 42. Rxg6+ {[%clk 00:04:01]} {[%emt 00:00:30]} hxg6
{[%clk 00:03:36]} {[%emt 00:00:01]} 43. Rxg6+ {[%clk 00:04:02]} Kh8 {[%clk
00:03:28]} {[%emt 00:00:10]} 44. Kf7 {[%clk 00:03:54]} {[%emt 00:00:11]} Bh5
{[%clk 00:03:21]} {[%emt 00:00:09]} 45. h7 {[%clk 00:03:54]} {[%emt 00:00:02]}
Bxg6+ {[%clk 00:03:21]} {[%emt 00:00:02]} 46. Kxg6 {[%clk 00:03:53]} {[%emt
00:00:03]} a1=Q {[%clk 00:03:17]} {[%emt 00:00:07]} 47. Kf7 {[%clk 00:03:54]}
Rb7+ {[%clk 00:03:14]} {[%emt 00:00:05]} 48. Kxe6 {[%clk 00:03:55]} {[%emt
00:00:01]} Qa2+ {[%clk 00:03:14]} {[%emt 00:00:02]} 49. Kf5 {[%clk 00:03:56]}
Rf2+ {[%clk 00:03:14]} {[%emt 00:00:02]} 50. Kxe4 {[%clk 00:03:57]} {[%emt
00:00:01]} Qc2# {[%clk 00:03:13]} {[%emt 00:00:03]} 0-1

[Event "World Youth & Cadets Blitz Championships"]
[Site "Rhodes, Greece"]
[Date "2022.05.03"]
[Round "8.26"]
[White "Zhao, George"]
[Black "Golubovic, Erik"]
[Result "0-1"]
[TimeControl "5'/game & 2\"/move"]
[WhiteElo "1532"]
[BlackElo "1506"]

1. d4 {[%clk 00:05:04]} Nf6 {[%clk 00:05:01]} {[%emt 00:00:03]} 2. c4 {[%clk
00:05:05]} e6 {[%clk 00:05:02]} 3. g3 {[%clk 00:05:07]} d5 {[%clk 00:05:01]}
{[%emt 00:00:03]} 4. Bg2 {[%clk 00:05:09]} Be7 {[%clk 00:05:02]} 5. Nf3 {[%clk
00:05:10]} O-O {[%clk 00:05:02]} {[%emt 00:00:02]} 6. cxd5 {[%clk 00:05:11]}
exd5 {[%clk 00:05:00]} {[%emt 00:00:04]} 7. O-O {[%clk 00:05:12]} {[%emt
00:00:01]} c6 {[%clk 00:05:00]} {[%emt 00:00:02]} 8. Nc3 {[%clk 00:05:13]}
{[%emt 00:00:01]} Bf5 {[%clk 00:04:56]} {[%emt 00:00:06]} 9. b3 {[%clk
00:05:14]} {[%emt 00:00:01]} Nbd7 {[%clk 00:04:55]} {[%emt 00:00:03]} 10. Bb2
{[%clk 00:05:16]} h6 {[%clk 00:04:55]} {[%emt 00:00:01]} 11. Rc1 {[%clk
00:05:17]} {[%emt 00:00:01]} Re8 {[%clk 00:04:52]} {[%emt 00:00:05]} 12. Re1
{[%clk 00:05:18]} {[%emt 00:00:01]} Ne4 {[%clk 00:04:49]} {[%emt 00:00:04]} 13.
Nxe4 {[%clk 00:05:14]} {[%emt 00:00:06]} dxe4 {[%clk 00:04:36]} {[%emt
00:00:15]} 14. Nd2 {[%clk 00:05:15]} Nf6 {[%clk 00:04:37]} 15. e3 {[%clk
00:05:11]} {[%emt 00:00:06]} Qd7 {[%clk 00:04:21]} {[%emt 00:00:17]} 16. Qc2
{[%clk 00:05:09]} {[%emt 00:00:05]} Bf8 {[%clk 00:04:20]} {[%emt 00:00:02]} 17.
Nc4 {[%clk 00:05:09]} {[%emt 00:00:02]} Bh3 {[%clk 00:03:47]} {[%emt 00:00:36]}
18. Ne5 {[%clk 00:05:00]} {[%emt 00:00:11]} Qf5 {[%clk 00:03:47]} {[%emt
00:00:02]} 19. Qc4 {[%clk 00:04:16]} {[%emt 00:00:46]} Re6 {[%clk 00:03:24]}
{[%emt 00:00:25]} 20. Bh1 {[%clk 00:03:59]} {[%emt 00:00:19]} Bd6 {[%clk
00:02:58]} {[%emt 00:00:29]} 21. Red1 {[%clk 00:03:09]} {[%emt 00:00:52]} Bxe5
{[%clk 00:02:47]} {[%emt 00:00:13]} 22. dxe5 {[%clk 00:03:09]} Ng4 {[%clk
00:02:44]} {[%emt 00:00:05]} 23. Rd2 {[%clk 00:03:06]} {[%emt 00:00:05]} Nxe5
{[%clk 00:02:36]} {[%emt 00:00:10]} 24. Qd4 {[%clk 00:03:03]} {[%emt 00:00:05]}
f6 {[%emt 00:00:31]} 25. Bxe4 {[%clk 00:02:44]} {[%emt 00:00:20]} Nf3+ {[%clk
00:01:54]} {[%emt 00:00:15]} 26. Kh1 {[%clk 00:02:41]} {[%emt 00:00:05]} Nxd4
{[%clk 00:01:48]} {[%emt 00:00:09]} 27. Bxf5 {[%clk 00:02:41]} {[%emt
00:00:02]} Nxf5 {[%clk 00:01:48]} {[%emt 00:00:02]} 28. Rd7 {[%clk 00:02:41]}
{[%emt 00:00:01]} Rd6 {[%clk 00:01:29]} {[%emt 00:00:22]} 29. Rxb7 {[%clk
00:02:36]} {[%emt 00:00:07]} Rad8 {[%clk 00:01:22]} {[%emt 00:00:08]} 30. Rg1
{[%clk 00:02:21]} {[%emt 00:00:18]} Rd1 {[%clk 00:01:05]} {[%emt 00:00:19]} 31.
f4 {[%clk 00:02:21]} {[%emt 00:00:03]} Nxe3 {[%clk 00:00:47]} {[%emt 00:00:19]}
32. Rxg7+ {[%clk 00:02:05]} {[%emt 00:00:18]} Kxg7 {[%clk 00:00:45]} {[%emt
00:00:04]} 33. Bxf6+ {[%clk 00:01:53]} {[%emt 00:00:14]} Kxf6 {[%clk 00:00:42]}
{[%emt 00:00:05]} 34. Re1 {[%clk 00:01:52]} {[%emt 00:00:02]} Rxe1# {[%clk
00:00:41]} {[%emt 00:00:04]} 0-1

[Event "World Youth & Cadets Blitz Championships"]
[Site "Rhodes, Greece"]
[Date "2022.05.03"]
[Round "8.28"]
[White "Kovacs, Balazs"]
[Black "Pathak, Raghav"]
[Result "1/2-1/2"]
[TimeControl "5'/game & 2\"/move"]
[WhiteElo "1162"]
[BlackElo "1415"]

1. e4 {[%clk 00:05:03]} {[%emt 00:00:01]} e5 {[%clk 00:05:01]} {[%emt
00:00:03]} 2. Nf3 {[%clk 00:05:03]} {[%emt 00:00:01]} Nf6 {[%clk 00:05:03]} 3.
Nc3 {[%clk 00:05:03]} {[%emt 00:00:03]} Nc6 {[%clk 00:05:04]} 4. d3 {[%clk
00:05:00]} {[%emt 00:00:05]} Bc5 {[%clk 00:05:04]} {[%emt 00:00:02]} 5. Bg5
{[%clk 00:04:58]} {[%emt 00:00:04]} h6 {[%clk 00:05:03]} {[%emt 00:00:03]} 6.
Bh4 {[%clk 00:04:52]} {[%emt 00:00:08]} Be7 {[%clk 00:04:48]} {[%emt 00:00:16]}
7. Be2 {[%clk 00:04:34]} {[%emt 00:00:21]} d6 {[%clk 00:04:49]} {[%emt
00:00:01]} 8. Bxf6 {[%clk 00:04:34]} {[%emt 00:00:02]} Bxf6 {[%clk 00:04:49]}
{[%emt 00:00:02]} 9. Qd2 {[%clk 00:04:35]} {[%emt 00:00:01]} Nd4 {[%clk
00:04:46]} {[%emt 00:00:05]} 10. Nd5 {[%clk 00:04:30]} {[%emt 00:00:06]} Nxf3+
{[%clk 00:04:43]} {[%emt 00:00:05]} 11. Bxf3 {[%clk 00:04:30]} {[%emt
00:00:03]} Bg5 {[%clk 00:04:44]} 12. Ne3 {[%clk 00:04:22]} {[%emt 00:00:09]} c6
{[%clk 00:04:45]} {[%emt 00:00:02]} 13. Qe2 {[%clk 00:04:11]} {[%emt 00:00:13]}
Qb6 {[%clk 00:04:40]} {[%emt 00:00:07]} 14. O-O {[%clk 00:04:01]} {[%emt
00:00:13]} O-O {[%clk 00:04:40]} {[%emt 00:00:02]} 15. Nc4 {[%clk 00:04:00]}
{[%emt 00:00:02]} Qc7 {[%clk 00:04:40]} {[%emt 00:00:02]} 16. c3 {[%clk
00:03:38]} {[%emt 00:00:24]} Bd7 {[%clk 00:04:36]} {[%emt 00:00:04]} 17. d4
{[%clk 00:03:37]} {[%emt 00:00:05]} exd4 {[%clk 00:04:36]} {[%emt 00:00:02]} 18.
cxd4 {[%clk 00:03:38]} {[%emt 00:00:02]} Rfe8 {[%clk 00:04:32]} {[%emt
00:00:05]} 19. Qd3 {[%clk 00:03:21]} {[%emt 00:00:19]} Rad8 {[%clk 00:04:23]}
{[%emt 00:00:12]} 20. Qa3 {[%clk 00:02:41]} {[%emt 00:00:41]} b5 {[%clk
00:04:17]} {[%emt 00:00:06]} 21. Nxd6 {[%clk 00:02:20]} {[%emt 00:00:26]} Re6
{[%clk 00:04:08]} {[%emt 00:00:09]} 22. e5 {[%clk 00:02:20]} {[%emt 00:00:04]}
f6 {[%clk 00:04:00]} {[%emt 00:00:08]} 23. Qb3 {[%clk 00:02:03]} {[%emt
00:00:21]} Kh8 {[%clk 00:03:57]} {[%emt 00:00:03]} 24. Nf7+ {[%clk 00:02:04]}
{[%emt 00:00:03]} Kh7 {[%clk 00:03:56]} {[%emt 00:00:02]} 25. Nxd8 {[%clk
00:02:04]} {[%emt 00:00:03]} Qxd8 {[%clk 00:03:57]} 26. Be4+ {[%clk 00:02:05]}
{[%emt 00:00:02]} g6 {[%clk 00:03:54]} {[%emt 00:00:04]} 27. exf6 {[%clk
00:02:04]} {[%emt 00:00:03]} Qxf6 {[%clk 00:03:46]} {[%emt 00:00:10]} 28. d5
{[%clk 00:01:53]} {[%emt 00:00:13]} Rxe4 {[%clk 00:03:40]} {[%emt 00:00:08]} 29.
dxc6 {[%clk 00:01:53]} {[%emt 00:00:03]} Bxc6 {[%clk 00:03:39]} {[%emt
00:00:02]} 30. Rfe1 {[%clk 00:01:27]} {[%emt 00:00:28]} Rg4 {[%clk 00:03:32]}
{[%emt 00:00:09]} 31. g3 {[%clk 00:01:08]} {[%emt 00:00:22]} h5 {[%clk
00:03:07]} {[%emt 00:00:27]} 32. Re6 {[%clk 00:00:49]} {[%emt 00:00:21]} Qf3
{[%clk 00:02:40]} {[%emt 00:00:28]} 33. Rxc6 {[%clk 00:00:33]} {[%emt
00:00:17]} Qxc6 {[%clk 00:02:37]} {[%emt 00:00:06]} 34. Qf7+ {[%clk 00:00:34]}
{[%emt 00:00:01]} Kh8 {[%clk 00:02:29]} {[%emt 00:00:08]} 35. Re1 {[%clk
00:00:21]} {[%emt 00:00:17]} Re4 {[%clk 00:02:17]} {[%emt 00:00:14]} 36. Qf8+
{[%clk 00:00:17]} {[%emt 00:00:06]} Kh7 {[%clk 00:02:17]} {[%emt 00:00:01]} 37.
Qf7+ {[%clk 00:00:18]} {[%emt 00:00:03]} Kh6 {[%clk 00:01:59]} {[%emt
00:00:19]} 38. Qf8+ {[%clk 00:00:18]} {[%emt 00:00:02]} Kh7 {[%clk 00:01:59]}
{[%emt 00:00:01]} 39. Qf7+ {[%clk 00:00:20]} {[%emt 00:00:01]} Kh8 {[%clk
00:01:57]} {[%emt 00:00:05]} 40. Qf8+ {[%clk 00:00:19]} {[%emt 00:00:02]} Kh7
{[%clk 00:01:44]} {[%emt 00:00:13]} 41. Qf7+ {[%clk 00:00:20]} {[%emt
00:00:03]} Kh6 {[%clk 00:01:37]} {[%emt 00:00:05]} 42. Qf8+ {[%clk 00:00:21]}
{[%emt 00:00:05]} Kh7 {[%clk 00:01:38]} {[%emt 00:00:01]} 43. Qf7+ {[%clk
00:00:22]} Kh8 {[%clk 00:01:39]} 44. Qf8+ {[%clk 00:00:22]} {[%emt 00:00:01]}
Kh7 {[%clk 00:01:40]} {[%emt 00:00:02]} 45. Qf7+ {[%clk 00:00:23]} {[%emt
00:00:01]} Kh6 {[%clk 00:01:39]} {[%emt 00:00:02]} 46. Qf8+ {[%clk 00:00:25]}
{[%emt 00:00:01]} Kh7 {[%emt 00:00:11]} 47. Qf7+ {[%emt 00:00:01]} Kh6 48. Qf8+
Kh7 1/2-1/2